| 000 | 01060namaa2200289 i 4500 | ||
|---|---|---|---|
| 003 | EG-GICUC | ||
| 005 | 20260216160246.0 | ||
| 008 | 260216s19uu su |||jr|||| 000 0 ara d | ||
| 040 |
_aEG-GiCUC _bara _cEG-GiCUC _dEG-GiCUC _erda |
||
| 082 | 0 | 4 |
_221 _a258 _bS116fi |
| 092 | 0 | 4 |
_221 _a258 _bS116fi |
| 099 | _a258 S116fi | ||
| 100 | 1 |
_aسابق، السيد، _d1915-2000 _eمؤلف. |
|
| 245 | 1 |
_aفقه السنة / _cتأليف السيد سابق. |
|
| 264 |
_aجدة (السعودية) : _bمكتبة الخدمات الحديثة للطبع والنشر والتوزيع، _c[19--]. |
||
| 300 |
_aمجلدات3 ؛ _c24 سم |
||
| 336 |
_2rdacontent _atext |
||
| 337 |
_2rdamedia _aUnmediated |
||
| 338 |
_2rdacarrier _avolume |
||
| 504 | _aيشتمل على ارجاعات ببليوجرافية. | ||
| 541 |
_aد. جابر عصفور ؛ _bالقاهرة ؛ _cإهداء ؛ _d2024. |
||
| 650 | 1 | 7 |
_aالفقه السنى _2qrmak |
| 650 | 1 | 7 |
_aالفقه الاسلامى _xمذاهب _2qrmak |
| 651 | 1 | _2qrmak | |
| 905 | _aAya | ||
| 942 |
_2ddc _cBK _e21 _n0 |
||
| 999 |
_c178536 _d178536 |
||